Libro de catequesis para la confirmación: -para jóvenes de 15 a 20 años
Bewaard in:
| Coauteur: | |
|---|---|
| Formaat: | Boek |
| Taal: | Spaans |
| Gepubliceerd in: |
Madrid
Encuentro
2017
|
| Editie: | 18a. ed |
| Onderwerpen: | |
| Tags: |
Voeg label toe
Geen labels, Wees de eerste die dit record labelt!
|
MARC
| LEADER | 00000cam a2200000 a 4500 | ||
|---|---|---|---|
| 001 | UCC1872 | ||
| 003 | CL-VaPUC | ||
| 008 | 171201e20170500sp |||||||||||||||||spa|d | ||
| 020 | |a 9788490550106 | ||
| 082 | 0 | 4 | |a 234.162 |b YOU |2 21 |
| 110 | 2 | |a YOUCAT |e author |9 595965 | |
| 245 | 1 | 0 | |a Libro de catequesis para la confirmación: -para jóvenes de 15 a 20 años |
| 250 | |a 18a. ed | ||
| 300 | |a 111 p | ||
| 942 | |c BK | ||
| 945 | |d 20171201 13:56:00 |a arojas | ||
| 260 | |a Madrid |b Encuentro |c 2017 | ||
| 650 | 0 | |a Confirmación |9 255060 | |
| 650 | 7 | |a CATEQUESIS DE JOVENES |2 CL-VaPUC |9 257335 | |
| 650 | 7 | |a EDUCACION CRISTIANA |2 CL-VaPUC |9 308333 | |
| 650 | 0 | |a Sacramentos |9 257270 | |
| 583 | |a last modification |c 20171201 13:56:00 |k Rodrigo Vera | ||
| 999 | |c 370211 |d 370209 | ||
| 952 | |0 0 |1 0 |3 erb |4 0 |6 234_162000000000000_YOU_2017 |7 0 |8 A |9 486552 |a BIBTEO |b BIBTEO |i 543940K |o 234.162 YOU 2017 |p 543940K |r 2025-01-17 |w 2019-11-24 |y BK |z Catalogado en:20171201 |k ICR | ||
| 952 | |0 0 |1 0 |3 erb |4 0 |6 234_162000000000000_YOU_2017 |7 0 |8 A |9 486553 |a BIBTEO |b BIBTEO |i 5439418 |o 234.162 YOU 2017 |p 5439418 |r 2025-01-17 |w 2019-11-24 |y BK |z Catalogado en:20171201 |k ICR | ||
| 952 | |0 0 |1 0 |3 erb |4 0 |6 234_162000000000000_YOU_2017 |7 0 |8 A |9 486554 |a BIBTEO |b BIBTEO |i 5439426 |o 234.162 YOU 2017 |p 5439426 |r 2025-01-17 |w 2019-11-24 |y BK |z Catalogado en:20171201 |k ICR | ||